Los mejores cuentos de Carlos Droguett
Guardat en:
| Format: | Llibre |
|---|---|
| Idioma: | espanyol |
| Publicat: |
Santiago
Zig-Zag
1967
|
| Col·lecció: | Biblioteca Nueva
|
| Matèries: | |
| Etiquetes: |
Afegir etiqueta
Sense etiquetes, Sigues el primer a etiquetar aquest registre!
|
MARC
| LEADER | 00000nam a2200000 a 4500 | ||
|---|---|---|---|
| 001 | UCO9765 | ||
| 003 | CL-VaPUC | ||
| 008 | 010309e19670000CL |||||||||||||||||spa|d | ||
| 082 | 0 | 4 | |a Ch863 |b MEJ |2 21 |
| 245 | 1 | 4 | |a Los mejores cuentos de Carlos Droguett |
| 300 | |a 189 p | ||
| 942 | |c BK | ||
| 945 | |d 20010309 00:00:00 |a cmena | ||
| 260 | |a Santiago |b Zig-Zag |c 1967 | ||
| 600 | 0 | 7 | |a DROGUETT, CARLOS |2 CL-VaPUC |9 322552 |
| 650 | 0 | |a Literatura chilena |9 308278 | |
| 650 | 0 | |a Cuentos chilenos |9 308280 | |
| 583 | |a last modification |c 20010309 00:00:00 |k Rodrigo Vera | ||
| 490 | 0 | |a Biblioteca Nueva | |
| 999 | |c 293791 |d 293789 | ||
| 952 | |0 0 |1 0 |4 0 |6 CH_863_000000000000000_MEJ_1967 |7 0 |8 A |9 345514 |a FDOPOS |b FDOPOS |d 2019-11-20 |i 3696855 |o Ch863 MEJ 1967 |p 3696855 |r 2025-01-22 |w 2019-11-20 |y BK |k MLH | ||